000 00329 a2200109 4500
001 ART_15813
005 20260410161736.0
008 260409a
245 1 0 _aResultados por tenencia y por financiación
100 1 _aApreda, Rodolfo
773 0 _tEjecutivos de finanzas
_g- Año 7, Nº 59 (sep. 1989)
_wREV2863
999 _c18276
_d18276